00649nam a2200169Ia 4500001000600000003000500006008004100011010001100052040000900063100003500072245017700107260004100284300001100325502007600336650001300412650005400425Z_424CHAP220113s2003 xx 000 0 und d a163400 cCHAP aCobá Chan, Andrés Fernando aPropuesta de un plan de manejo para la producción confinada del venado cola blanca (Odocoileus verginianus yucatanensis. Hays 1872) /cpor Andrés Fernando Cobá Chan aChapingo, Méx. :bEl autor,c2003 a110 h. aTesis (Ing. Agr. Esp. en Zootecnia) -- UACH. Departamento de Zootecnia aVenados  aVida silvestre xx Conservación xx Yucatán